[Event "CZE-chT1E 1819"]
[Site "Czech Republic"]
[Date "2019.02.17"]
[Round "8.7"]
[White "Karlik, Vladimir"]
[Black "Neoral, Antonin"]
[Result "1/2-1/2"]
[WhiteElo "2142"]
[BlackElo "2115"]
[PlyCount "37"]
[EventDate "2018.10.21"]
[EventType "team-tourn"]
[EventRounds "11"]
[EventCountry "CZE"]
[SourceTitle "CBM 189 Extra"]
[Source "ChessBase"]
[SourceDate "2019.06.03"]
[SourceVersion "1"]
[SourceVersionDate "2019.06.03"]
[SourceQuality "1"]
[WhiteTeam "Kromeriz"]
[BlackTeam "Litovel Tatran"]
[WhiteTeamCountry "CZE"]
[BlackTeamCountry "CZE"]

1. e4 c5 2. Nc3 a6 3. g3 Nc6 4. Bg2 g6 5. f4 d6 6. Nf3 Bg7 7. 0-0 e6 8. d3 Nge7 9. Be3 Nd4 10. Rb1 0-0 11. Ne2 Nxf3+ 12. Bxf3 Bd7 13. Qd2 Qc7 14. b4 b6 15. c3 Rab8 16. Rfc1 f5 17. exf5 gxf5 18. Bf2 Kh8 19. d4 1/2-1/2

[Event "CZE-chT 1718"]
[Site "Czech Republic"]
[Date "2017.11.19"]
[Round "2.5"]
[White "Zilka, Stepan"]
[Black "Neoral, Antonin"]
[Result "1/2-1/2"]
[WhiteElo "2517"]
[BlackElo "2123"]
[PlyCount "59"]
[EventDate "2017.11.18"]
[EventType "team-tourn"]
[EventRounds "11"]
[EventCountry "CZE"]
[SourceTitle "CBM 181 Extra"]
[Source "ChessBase"]
[SourceDate "2017.12.12"]
[SourceVersion "1"]
[SourceVersionDate "2017.12.12"]
[SourceQuality "1"]
[WhiteTeam "Novoborsky"]
[BlackTeam "Tatran Litovel"]
[WhiteTeamCountry "CZE"]
[BlackTeamCountry "CZE"]

1. e4 c5 2. Nf3 Nc6 3. d4 cxd4 4. Nxd4 g6 5. c4 Nf6 6. Nc3 d6 7. Be2 Nxd4 8. Qxd4 Bg7 9. Be3 0-0 10. Qd2 Be6 11. f3 Qa5 12. Nb5 Qxd2+ 13. Kxd2 Nd7 14. Rab1 Ne5 15. b3 Nc6 16. Rhd1 Rac8 17. Ke1 f5 18. exf5 Bxf5 19. Bd3 a6 20. Bxf5 Rxf5 21. Nd4 Nxd4 22. Bxd4 Bxd4 23. Rxd4 Rfc5 24. Kd2 b5 25. Kd3 bxc4+ 26. Rxc4 Rxc4 27. bxc4 Rc5 28. a4 Kf7 29. h4 h5 30. g4 1/2-1/2

[Event "CZE-chT2F 1617"]
[Site "Czech Republic"]
[Date "2017.04.02"]
[Round "11.1"]
[White "Neoral, Antonin"]
[Black "Tymrakiewicz, Rafal"]
[Result "0-1"]
[WhiteElo "2122"]
[BlackElo "2270"]
[PlyCount "82"]
[EventDate "2016.10.09"]
[EventType "team-tourn"]
[EventRounds "11"]
[EventCountry "CZE"]
[SourceTitle "EXT 2022"]
[Source "ChessBase"]
[SourceDate "2021.10.06"]
[SourceVersion "1"]
[SourceVersionDate "2021.10.06"]
[SourceQuality "1"]
[WhiteTeam "Litovel Tatran II"]
[BlackTeam "Trinec II"]
[WhiteTeamCountry "CZE"]
[BlackTeamCountry "CZE"]

1. e4 Nf6 2. e5 Nd5 3. d4 d6 4. c4 Nb6 5. exd6 cxd6 6. Nc3 g6 7. a4 Bg7 8. a5 N6d7 9. Nf3 0-0 10. Be2 Nf6 11. Ra3 d5 12. Ne5 Nc6 13. Nxc6 bxc6 14. 0-0 Rb8 15. Re1 dxc4 16. Bxc4 Ng4 17. h3 Nxf2 18. Kxf2 Bxd4+ 19. Kf1 e5 20. Ne2 Qf6+ 21. Bf4 Bc5 22. Rf3 exf4 23. Rxf4 Qg5 24. Qc1 Be6 25. h4 Qe5 26. Ng3 Qxb2 27. Qxb2 Rxb2 28. Bxe6 fxe6 29. Rxf8+ Kxf8 30. Rxe6 Rf2+ 31. Ke1 Rxg2 32. Ne4 Bb4+ 33. Kf1 Rg4 34. h5 Kf7 35. Re5 Be7 36. hxg6+ hxg6 37. Ke2 Rf4 38. a6 Rf5 39. Rxf5+ gxf5 40. Nd2 Ke6 41. Kd3 Kd5 0-1

[Event "CZE-chT2F 1617"]
[Site "Czech Republic"]
[Date "2017.01.15"]
[Round "6.3"]
[White "Mesiarik, Rudolf"]
[Black "Neoral, Antonin"]
[Result "0-1"]
[WhiteElo "2103"]
[BlackElo "2122"]
[PlyCount "94"]
[EventDate "2016.10.09"]
[EventType "team-tourn"]
[EventRounds "11"]
[EventCountry "CZE"]
[SourceTitle "EXT 2022"]
[Source "ChessBase"]
[SourceDate "2021.10.06"]
[SourceVersion "1"]
[SourceVersionDate "2021.10.06"]
[SourceQuality "1"]
[WhiteTeam "Havirov Slovan"]
[BlackTeam "Litovel Tatran II"]
[WhiteTeamCountry "CZE"]
[BlackTeamCountry "CZE"]

1. Nf3 Nf6 2. c4 g6 3. g3 Bg7 4. Bg2 0-0 5. 0-0 d6 6. d4 Nc6 7. d5 Na5 8. Qa4 c5 9. dxc6 Nxc6 10. Nc3 Bd7 11. Qc2 Rc8 12. Rb1 a6 13. Qd2 Bf5 14. Ra1 Na5 15. Nd4 Nxc4 16. Qd1 Na5 17. Nxf5 gxf5 18. Qd3 Qd7 19. Bg5 e6 20. Rad1 Nc4 21. Qb1 Qc7 22. Rc1 h6 23. Bxf6 Bxf6 24. Rfd1 d5 25. e3 Qa5 26. Bxd5 Nxb2 27. Bxb7 Nxd1 28. Nxd1 Rxc1 29. Qxc1 Qxa2 30. Kg2 Rd8 31. Bf3 Qd2 32. Qc4 Qd3 33. Qf4 Bg5 34. Qc7 Qd6 35. Qa5 Bf6 36. Qa4 Rb8 37. h3 Kg7 38. g4 Rb4 39. Qc2 f4 40. Qc1 fxe3 41. Qxe3 a5 42. Qc1 a4 43. Kh1 Qd3 44. Kg2 a3 45. Qc5 Rb3 46. Ne3 a2 47. g5 hxg5 0-1

[Event "CZE-chT2D 1516"]
[Site "Czech Republic"]
[Date "2016.02.21"]
[Round "8.5"]
[White "Ptacek, Tomas"]
[Black "Neoral, Antonin"]
[Result "1-0"]
[WhiteElo "2077"]
[BlackElo "2109"]
[PlyCount "65"]
[EventDate "2015.10.18"]
[EventType "team-tourn"]
[EventRounds "11"]
[EventCountry "CZE"]
[SourceTitle "EXT 2022"]
[Source "ChessBase"]
[SourceDate "2021.10.06"]
[SourceVersion "1"]
[SourceVersionDate "2021.10.06"]
[SourceQuality "1"]
[WhiteTeam "Hradec Kralove II"]
[BlackTeam "Litovel Tatran II"]
[WhiteTeamCountry "CZE"]
[BlackTeamCountry "CZE"]

1. e4 c5 2. Nf3 Nc6 3. d4 cxd4 4. Nxd4 Nf6 5. Nc3 g6 6. Be3 Bg7 7. Bc4 Qa5 8. f3 Qb4 9. Bb3 Nxe4 10. Nxc6 Bxc3+ 11. bxc3 Qxc3+ 12. Ke2 Qxc6 13. fxe4 Qxe4 14. Bd5 Qg4+ 15. Bf3 Qc4+ 16. Qd3 Qc7 17. Rab1 0-0 18. Rb4 d6 19. Rc1 e6 20. Rc4 Qd8 21. Rd1 d5 22. Bh6 Re8 23. Qc3 e5 24. Bxd5 Qf6 25. Rf1 Bf5 26. Rc7 Bg4+ 27. Ke1 Qh4+ 28. Qg3 Qxh6 29. Qxg4 Qe3+ 30. Qe2 Qc1+ 31. Kf2 Qf4+ 32. Qf3 Qd4+ 33. Kg3 1-0

[Event "CZE-chT2D 1516"]
[Site "Czech Republic"]
[Date "2015.11.08"]
[Round "2.4"]
[White "Neoral, Antonin"]
[Black "Mareckova, Martina"]
[Result "0-1"]
[WhiteElo "2109"]
[BlackElo "2173"]
[PlyCount "128"]
[EventDate "2015.10.18"]
[EventType "team-tourn"]
[EventRounds "11"]
[EventCountry "CZE"]
[SourceTitle "EXT 2022"]
[Source "ChessBase"]
[SourceDate "2021.10.06"]
[SourceVersion "1"]
[SourceVersionDate "2021.10.06"]
[SourceQuality "1"]
[WhiteTeam "Litovel Tatran II"]
[BlackTeam "Rychnov nad Kneznou"]
[WhiteTeamCountry "CZE"]
[BlackTeamCountry "CZE"]

1. e4 e5 2. Nf3 Nc6 3. Bb5 a6 4. Ba4 d6 5. 0-0 Bd7 6. c3 g6 7. d4 Bg7 8. h3 Nf6 9. Re1 0-0 10. Nbd2 Qe8 11. Bc2 b5 12. Nf1 Qc8 13. Ng3 Re8 14. Be3 Na5 15. b3 c5 16. d5 Qc7 17. Qd2 Nb7 18. Bh6 Qd8 19. Qg5 Kh8 20. Qd2 Bxh6 21. Qxh6 Ng8 22. Qd2 Kg7 23. Nh2 Qh4 24. Nf3 Qd8 25. Re3 a5 26. Rae1 b4 27. c4 a4 28. Nh2 axb3 29. axb3 Ra2 30. Qd3 Qh4 31. Nf3 Qe7 32. Bd1 Rea8 33. Nh2 Qf6 34. Rf3 Qg5 35. Rfe3 Nh6 36. Bg4 Nxg4 37. hxg4 Bxg4 38. Nxg4 Qxg4 39. Nf5+ Kh8 40. Ng3 Qg5 41. Nf1 Ra1 42. Qe2 Rxe1 43. Qxe1 f5 44. exf5 gxf5 45. Rg3 Qf6 46. Qe2 Rg8 47. Rxg8+ Kxg8 48. Qa2 Nd8 49. Qa8 f4 50. Nd2 Kg7 51. Ne4 Qe7 52. Qc8 h6 53. Qg4+ Kh7 54. Qf5+ Kg7 55. g3 fxg3 56. fxg3 Nf7 57. Qe6 Qxe6 58. dxe6 Ng5 59. e7 Kf7 60. Nxd6+ Kxe7 61. Nb7 Ne6 62. Kf2 Kd7 63. Ke3 Kc7 64. Na5 Kb6 0-1

[Event "CZE-chT2F 1415"]
[Site "Czech Republic"]
[Date "2015.04.19"]
[Round "11.53"]
[White "Sieber, Martin"]
[Black "Neoral, Antonin"]
[Result "1/2-1/2"]
[WhiteElo "2071"]
[BlackElo "2120"]
[PlyCount "85"]
[EventDate "2014.11.02"]
[EventType "team-tourn"]
[EventRounds "11"]
[EventCountry "CZE"]
[SourceTitle "EXT 2022"]
[Source "ChessBase"]
[SourceDate "2021.10.06"]
[SourceVersion "1"]
[SourceVersionDate "2021.10.06"]
[SourceQuality "1"]
[WhiteTeam "Orlova Slavia II"]
[BlackTeam "Litovel Tatran II"]
[WhiteTeamCountry "CZE"]
[BlackTeamCountry "CZE"]

1. b4 d5 2. Bb2 Nf6 3. e3 Bf5 4. c4 e6 5. b5 a6 6. a4 dxc4 7. Bxc4 axb5 8. axb5 Rxa1 9. Bxa1 Nbd7 10. Nf3 Nb6 11. Be2 Be7 12. 0-0 0-0 13. Nd4 Bg6 14. f4 Qa8 15. Nc3 c5 16. bxc6 bxc6 17. g4 c5 18. Bf3 Qe8 19. Nc6 Bd3 20. Nxe7+ Qxe7 21. g5 Nfd7 22. Re1 e5 23. Nd5 Nxd5 24. Bxd5 Rb8 25. Qa4 exf4 26. Qxf4 Rb4 27. Qg3 Be4 28. Bxe4 Qxe4 29. Bc3 Rb6 30. Qf4 Qg6 31. Ra1 h6 32. h4 hxg5 33. hxg5 Rb1+ 34. Kf2 Rxa1 35. Bxa1 Nf8 36. Qe5 c4 37. e4 Ne6 38. Qb8+ Kh7 39. Qh2+ Kg8 40. Qb8+ Kh7 41. Qh2+ Kg8 42. Qb8+ Kh7 43. Qh2+ 1/2-1/2

[Event "CZE-chT2F 1415"]
[Site "Czech Republic"]
[Date "2015.03.15"]
[Round "9.43"]
[White "Cempel, Jaroslav"]
[Black "Neoral, Antonin"]
[Result "1/2-1/2"]
[WhiteElo "2135"]
[BlackElo "2120"]
[PlyCount "108"]
[EventDate "2014.11.02"]
[EventType "team-tourn"]
[EventRounds "11"]
[EventCountry "CZE"]
[SourceTitle "EXT 2022"]
[Source "ChessBase"]
[SourceDate "2021.10.06"]
[SourceVersion "1"]
[SourceVersionDate "2021.10.06"]
[SourceQuality "1"]
[WhiteTeam "Havirov Banik"]
[BlackTeam "Litovel Tatran II"]
[WhiteTeamCountry "CZE"]
[BlackTeamCountry "CZE"]

1. d4 Nf6 2. Bf4 g6 3. Nc3 d5 4. Qd2 Bg7 5. Bh6 0-0 6. h4 c5 7. Bxg7 Kxg7 8. e3 Nc6 9. Nf3 cxd4 10. exd4 Bf5 11. Bd3 e6 12. Bb5 Na5 13. Ne5 h5 14. f3 Rc8 15. 0-0-0 a6 16. Bd3 b5 17. Kb1 Nc4 18. Nxc4 Bxd3 19. Ne3 Bf5 20. Ne2 Qc7 21. Nxf5+ exf5 22. Nf4 Qb6 23. Rhe1 Rc7 24. Re5 Rd8 25. Rde1 Rdd7 26. Qe3 Rc4 27. Rd1 b4 28. Re7 Rxe7 29. Qxe7 Rc8 30. Re1 Rc6 31. Qe5 Qd8 32. g4 hxg4 33. fxg4 fxg4 34. h5 Qd6 35. hxg6 fxg6 36. Qg5 Ne4 37. Qxg4 g5 38. Nd3 Rc4 39. Qg1 Nd2+ 40. Kc1 Nf3 41. Qg4 Nxe1 42. Qxg5+ Kf8 43. Qf5+ Ke8 44. Nxe1 Rxd4 45. Nd3 Qh6+ 46. Kd1 Qh1+ 47. Kd2 Qg2+ 48. Kc1 Qg4 49. Qc8+ Ke7 50. Qc7+ Kf8 51. Qd6+ Kg7 52. Qe5+ Kh7 53. Qh2+ Kg7 54. Qe5+ Kh7 1/2-1/2

[Event "CZE-chT2F 1415"]
[Site "Czech Republic"]
[Date "2014.11.30"]
[Round "3.13"]
[White "Neoral, Antonin"]
[Black "Pacl, Vaclav"]
[Result "1/2-1/2"]
[WhiteElo "2120"]
[BlackElo "2098"]
[PlyCount "76"]
[EventDate "2014.11.02"]
[EventType "team-tourn"]
[EventRounds "11"]
[EventCountry "CZE"]
[SourceTitle "EXT 2022"]
[Source "ChessBase"]
[SourceDate "2021.10.06"]
[SourceVersion "1"]
[SourceVersionDate "2021.10.06"]
[SourceQuality "1"]
[WhiteTeam "Litovel Tatran II"]
[BlackTeam "Havirov Slovan"]
[WhiteTeamCountry "CZE"]
[BlackTeamCountry "CZE"]

1. e4 c6 2. d4 d5 3. e5 Bf5 4. Nf3 e6 5. Nbd2 h6 6. Nb3 Nd7 7. Be2 Ne7 8. a4 Ng6 9. 0-0 Be7 10. a5 0-0 11. Be3 f6 12. exf6 Bxf6 13. c4 a6 14. Re1 Qc7 15. Rc1 Rac8 16. Qd2 Rce8 17. Bd3 Kh7 18. Qc2 Bxd3 19. Qxd3 e5 20. dxe5 dxc4 21. Rxc4 Ndxe5 22. Nxe5 Qxe5 23. Rg4 Qh5 24. h3 Bd8 25. Bd2 Rxe1+ 26. Bxe1 Qf5 27. Qxf5 Rxf5 28. Bc3 h5 29. Rb4 Rf7 30. Re4 Nf4 31. Re8 Be7 32. Nd4 Nd5 33. Bd2 Bf6 34. Ne6 Nc7 35. Nxc7 Rxc7 36. Bc3 Re7 37. Rxe7 Bxe7 38. g4 hxg4 1/2-1/2

[Event "CZE-chT1E 1213"]
[Site "Czech Republic"]
[Date "2013.03.17"]
[Round "9.5"]
[White "Karlik, Vladimir"]
[Black "Neoral, Antonin"]
[Result "1-0"]
[WhiteElo "2306"]
[BlackElo "2171"]
[PlyCount "57"]
[EventDate "2012.10.21"]
[EventType "team-tourn"]
[EventRounds "11"]
[EventCountry "CZE"]
[SourceTitle "EXT 2014"]
[Source "ChessBase"]
[SourceDate "2013.11.20"]
[SourceVersion "1"]
[SourceVersionDate "2013.11.20"]
[SourceQuality "1"]
[WhiteTeam "Kromeriz"]
[BlackTeam "Litovel II"]
[WhiteTeamCountry "CZE"]
[BlackTeamCountry "CZE"]

1. d4 Nf6 2. Nf3 g6 3. Bg5 Bg7 4. Nbd2 0-0 5. e4 h6 6. Bh4 d6 7. c3 Nc6 8. Be2 g5 9. Bg3 Nh5 10. d5 Nxg3 11. hxg3 Nb8 12. Qc2 e6 13. dxe6 Bxe6 14. Nd4 Bd7 15. 0-0-0 c5 16. Nf5 Bxf5 17. exf5 d5 18. Ne4 Qa5 19. f6 dxe4 20. fxg7 Re8 21. Rxh6 Kxg7 22. Rh5 Qxa2 23. Rxg5+ Kf8 24. Qd2 Qe6 25. Bc4 e3 26. fxe3 Qe7 27. Rf5 f6 28. e4 Kg7 29. Rh1 1-0

[Event "CZE-chT2D 1213"]
[Site "Czech Republic"]
[Date "2013.03.03"]
[Round "10.3"]
[White "Kubicek, Antonin"]
[Black "Neoral, Antonin"]
[Result "1/2-1/2"]
[WhiteElo "2208"]
[BlackElo "2171"]
[PlyCount "131"]
[EventDate "2012.10.14"]
[EventType "team-tourn"]
[EventRounds "11"]
[EventCountry "CZE"]
[SourceTitle "EXT 2016"]
[Source "ChessBase"]
[SourceDate "2015.10.08"]
[SourceVersion "1"]
[SourceVersionDate "2015.10.08"]
[SourceQuality "1"]
[WhiteTeam "Sumperk"]
[BlackTeam "Olomouc Garde"]
[WhiteTeamCountry "CZE"]
[BlackTeamCountry "CZE"]

1. c4 g6 2. Nc3 Bg7 3. g3 d6 4. Bg2 e5 5. Nf3 Nc6 6. 0-0 f5 7. d3 Nf6 8. Rb1 Be6 9. b4 Qd7 10. b5 Nd8 11. Ng5 Bg8 12. f4 exf4 13. gxf4 h6 14. Nf3 Bf7 15. e3 0-0 16. Bb2 Re8 17. Qd2 Ne6 18. d4 Nf8 19. d5 Re7 20. Nd4 Rae8 21. Rbe1 Qc8 22. Kh1 Kh8 23. Rf3 N8d7 24. Rh3 Nc5 25. Rg1 Ng4 26. Nd1 Kg8 27. Rg3 h5 28. Nc2 Bxb2 29. Nxb2 h4 30. Rh3 Qd8 31. Nd1 Ne4 32. Bxe4 Rxe4 33. Qc3 c6 34. bxc6 bxc6 35. Nd4 cxd5 36. c5 dxc5 37. Qxc5 R4e7 38. Nc6 Rc7 39. Nxd8 Rxc5 40. Nxf7 Kxf7 41. Rxh4 Rc1 42. h3 Nxe3 43. Nxe3 Rxg1+ 44. Kxg1 Rxe3 45. Rh7+ Kf6 46. Rxa7 Rxh3 47. Ra6+ Kg7 48. Kg2 Rc3 49. a4 Kh6 50. a5 Ra3 51. Kf2 Kh5 52. Ke2 d4 53. Rd6 Rxa5 54. Rxd4 Kg4 55. Rd6 Kxf4 56. Rxg6 Ra2+ 57. Kf1 Kf3 58. Kg1 Ra1+ 59. Kh2 f4 60. Rb6 Re1 61. Rf6 Re4 62. Kg1 Ke2 63. Kg2 f3+ 64. Rxf3 Rg4+ 65. Rg3 Rxg3+ 66. Kxg3 1/2-1/2

[Event "CZE-chT2D 1213"]
[Site "Czech Republic"]
[Date "2012.12.02"]
[Round "4.3"]
[White "Neoral, Antonin"]
[Black "Goluch, Piotr"]
[Result "1-0"]
[WhiteElo "2171"]
[BlackElo "2272"]
[PlyCount "113"]
[EventDate "2012.10.14"]
[EventType "team-tourn"]
[EventRounds "11"]
[EventCountry "CZE"]
[SourceTitle "EXT 2016"]
[Source "ChessBase"]
[SourceDate "2015.10.08"]
[SourceVersion "1"]
[SourceVersionDate "2015.10.08"]
[SourceQuality "1"]
[WhiteTeam "Olomouc Garde"]
[BlackTeam "Rychnov nad Kneznou"]
[WhiteTeamCountry "CZE"]
[BlackTeamCountry "CZE"]

1. e4 c6 2. d4 d5 3. e5 Bf5 4. c4 e6 5. Nc3 dxc4 6. Bxc4 Nd7 7. a3 Ne7 8. Nge2 h5 9. Ng3 Nb6 10. Bb3 h4 11. Nge4 Ned5 12. Bg5 f6 13. exf6 gxf6 14. Be3 Nxc3 15. Nxc3 Qd7 16. Qf3 0-0-0 17. h3 Bh6 18. 0-0 Nd5 19. Bxd5 exd5 20. Bxh6 Rxh6 21. Rac1 Rg6 22. Kh1 Kb8 23. b4 Rdg8 24. Rg1 Rg5 25. b5 Qd6 26. bxc6 bxc6 27. a4 Bg6 28. Rce1 Rf5 29. Qe3 Rf4 30. Ne2 Re4 31. Qb3+ Ka8 32. Rb1 Qe7 33. Rge1 Re6 34. Rb2 Bh5 35. Reb1 Qc7 36. Nf4 Bf7 37. Nxe6 Bxe6 38. Qf3 f5 39. Re1 Bc8 40. Reb1 Bd7 41. Qh5 f4 42. Qf7 Rd8 43. a5 f3 44. Qxf3 Bc8 45. Qf6 Ba6 46. Qxh4 Qxa5 47. Qf4 Bb5 48. h4 Rh8 49. Qf6 Rh7 50. g3 a6 51. Rb3 Qa2 52. Qf5 Rh8 53. Re3 Qd2 54. Rbb3 Qd1+ 55. Kg2 Qxd4 56. Qd7 Qa1 57. Rxb5 1-0

[Event "CZE-chT1E 1213"]
[Site "Czech Republic"]
[Date "2012.10.21"]
[Round "1.6"]
[White "Olsar, Jaroslav"]
[Black "Neoral, Antonin"]
[Result "1/2-1/2"]
[WhiteElo "2233"]
[BlackElo "2171"]
[PlyCount "71"]
[EventDate "2012.10.21"]
[EventType "team-tourn"]
[EventRounds "11"]
[EventCountry "CZE"]
[SourceTitle "EXT 2013"]
[Source "ChessBase"]
[SourceDate "2012.11.22"]
[SourceVersion "1"]
[SourceVersionDate "2012.11.22"]
[SourceQuality "1"]
[WhiteTeam "Karvina"]
[BlackTeam "Litovel II"]
[WhiteTeamCountry "CZE"]
[BlackTeamCountry "CZE"]

1. e4 c5 2. Nf3 d6 3. d4 cxd4 4. Nxd4 Nf6 5. Nc3 g6 6. g3 Bd7 7. Bg2 Nc6 8. Nde2 Bg7 9. h3 0-0 10. 0-0 Re8 11. Rb1 Rc8 12. b3 Qa5 13. Bb2 b5 14. a3 b4 15. axb4 Nxb4 16. Qd2 Rc5 17. Ra1 Qc7 18. Nd4 a5 19. Rfc1 Rc8 20. Nd1 Nxc2 21. Nxc2 Rxc2 22. Rxc2 Qxc2 23. Qxc2 Rxc2 24. Rxa5 Rd2 25. Ra8+ Ne8 26. Bxg7 Kxg7 27. Ra1 Nc7 28. Ne3 Nb5 29. Nc4 Rd4 30. Rc1 Rd3 31. Na5 Rd2 32. Nc4 Rd3 33. Na5 Rd2 34. Nc4 Rd3 35. Na5 Rd2 36. Nc4 1/2-1/2

[Event "Nachod op"]
[Site "Nachod"]
[Date "2012.07.07"]
[Round "8"]
[White "Neoral, Antonin"]
[Black "Mudrak, Josef"]
[Result "0-1"]
[WhiteElo "2163"]
[BlackElo "2313"]
[PlyCount "96"]
[EventDate "2012.06.30"]
[EventType "swiss"]
[EventRounds "9"]
[EventCountry "CZE"]
[SourceTitle "CBM 149 Extra"]
[Source "ChessBase"]
[SourceDate "2012.08.24"]
[SourceVersion "1"]
[SourceVersionDate "2012.08.24"]
[SourceQuality "1"]

1. e4 c5 2. Nf3 Nc6 3. Bb5 Na5 4. c3 a6 5. Ba4 e6 6. d4 cxd4 7. cxd4 b5 8. Bc2 Bb7 9. 0-0 Be7 10. a3 d6 11. b3 Nf6 12. Nbd2 Rc8 13. Bb2 0-0 14. Re1 Qb6 15. h3 Rfd8 16. Rc1 Nc6 17. Qe2 e5 18. d5 Nb8 19. b4 Rd7 20. Bd3 g6 21. Nb3 Nh5 22. Na5 Nf4 23. Qd2 Rdc7 24. Bf1 Nd7 25. g3 Nh5 26. Kg2 Ba8 27. Rxc7 Rxc7 28. Bd3 Qb8 29. Rc1 Nb6 30. Nc6 Qe8 31. Qc2 Bf8 32. h4 Bh6 33. Nh2 Bxc1 34. Qxc1 Bxc6 35. dxc6 Nc4 36. Ba1 Rxc6 37. Ng4 Qe6 38. Be2 Nf6 39. Nh6+ Kf8 40. Bf3 Ng8 41. Bg4 Qe7 42. h5 Nxh6 43. Qxh6+ Kg8 44. hxg6 fxg6 45. Qh3 Qf6 46. Be6+ Kg7 47. Bd5 Ne3+ 48. fxe3 Rc2+ 0-1

[Event "Nachod op"]
[Site "Nachod"]
[Date "2012.07.04"]
[Round "5"]
[White "Furman, Boris"]
[Black "Neoral, Antonin"]
[Result "1/2-1/2"]
[WhiteElo "2285"]
[BlackElo "2163"]
[PlyCount "87"]
[EventDate "2012.06.30"]
[EventType "swiss"]
[EventRounds "9"]
[EventCountry "CZE"]
[SourceTitle "CBM 149 Extra"]
[Source "ChessBase"]
[SourceDate "2012.08.24"]
[SourceVersion "1"]
[SourceVersionDate "2012.08.24"]
[SourceQuality "1"]

1. d4 Nf6 2. c4 g6 3. Nc3 Bg7 4. Nf3 d6 5. Bg5 0-0 6. e3 h6 7. Bh4 Bf5 8. Bd3 Bxd3 9. Qxd3 c5 10. d5 Qa5 11. 0-0 Nbd7 12. h3 a6 13. a4 Qc7 14. Nd2 Ne5 15. Qc2 g5 16. Bg3 Nh5 17. Bh2 f5 18. f4 gxf4 19. Bxf4 Qd7 20. Bh2 Rf6 21. Rf2 Raf8 22. Raf1 Kh8 23. Kh1 Qc8 24. a5 Qe8 25. Rxf5 Qg6 26. g4 Rxf5 27. Rxf5 Rxf5 28. Qxf5 Qxf5 29. gxf5 Nd3 30. e4 Nxb2 31. e5 Bxe5 32. Bxe5+ dxe5 33. Nce4 Nd3 34. Nb3 Kg8 35. Nbxc5 Nxc5 36. Nxc5 Ng3+ 37. Kg1 Nxf5 38. Nxb7 Nd6 39. Nxd6 exd6 40. Kf2 Kf7 41. Ke3 Ke7 42. Kd3 Kf7 43. Ke3 Ke7 44. Kd3 1/2-1/2

[Event "Nachod op"]
[Site "Nachod"]
[Date "2012.07.03"]
[Round "4"]
[White "Neoral, Antonin"]
[Black "Saucuk, Martin"]
[Result "1-0"]
[WhiteElo "2163"]
[BlackElo "1939"]
[PlyCount "115"]
[EventDate "2012.06.30"]
[EventType "swiss"]
[EventRounds "9"]
[EventCountry "CZE"]
[SourceTitle "CBM 149 Extra"]
[Source "ChessBase"]
[SourceDate "2012.08.24"]
[SourceVersion "1"]
[SourceVersionDate "2012.08.24"]
[SourceQuality "1"]

1. e4 e6 2. d4 d5 3. Nc3 Bb4 4. e5 c5 5. a3 Bxc3+ 6. bxc3 Ne7 7. Qg4 Qc7 8. Qxg7 Rg8 9. Qxh7 cxd4 10. Ne2 dxc3 11. f4 Bd7 12. Qd3 Nbc6 13. Qxc3 0-0-0 14. Bd2 d4 15. Nxd4 Nxd4 16. Qxd4 Bc6 17. Qf2 Kb8 18. h4 Nf5 19. Rh3 Rg4 20. 0-0-0 Rdg8 21. Rh2 Be4 22. Bb4 Rxf4 23. Qd2 Qxc2+ 24. Qxc2 Bxc2 25. Kxc2 Ne3+ 26. Kd2 Nxf1+ 27. Rxf1 Rxf1 28. Ke2 Rf4 29. Be7 Rh8 30. Ke3 Rf1 31. Bf6 Rh7 32. Rh3 Kc7 33. g4 b5 34. h5 a5 35. g5 Kc6 36. Ke2 Rf4 37. h6 Kd5 38. Kd2 b4 39. axb4 axb4 40. Kc2 Kc4 41. Rh2 Rd4 42. Rf2 Kb5 43. Bg7 Rd7 44. Kb2 Ka4 45. Rc2 Kb5 46. Rc8 Rb7 47. Kb3 Ka5 48. Re8 Kb5 49. Bf6 Kc6 50. Rd8 Kb5 51. Rd4 Kc5 52. Rc4+ Kd5 53. Rxb4 Rxb4+ 54. Kxb4 Kc6 55. Kc4 Kd7 56. Kc5 Kc7 57. Bg7 Kd7 58. Kb6 1-0